| 000 | 00607nam a2200181 i 4500 | ||
|---|---|---|---|
| 001 | 96772 | ||
| 003 | ES-MaACL | ||
| 005 | 20230906181955.0 | ||
| 007 | t| | ||
| 008 | 050630s1946 ag ||||1| spa d | ||
| 100 | 1 |
_aManes, Baltasar José. _975988 |
|
| 245 | 1 | 0 |
_aMáquinas eléctricas de corriente continua _b: (teoría y funcionamiento) / _cBaltasar José Manes, Alberto Luis Zicinese. |
| 260 |
_aBuenos Aires : _bAlbatros, _c1946. |
||
| 300 |
_a299 p. : _bil. ; _c24 cm. |
||
| 650 | 0 | 4 |
_aMáquinas eléctricas. _914765 |
| 700 | 1 |
_aZicinese, Alberto Luis. _9118227 |
|
| 852 |
_aES-MaACL _jC-5283 _bR.25497 |
||
| 999 |
_c96772 _d96772 |
||